The Law Reports, Appeal Cases(1965): House of Lords and Judicial Committee of the Privy Council and Peerage Cases. / (Record no. 3941)
[ view plain ]
| 000 -LEADER | |
|---|---|
| fixed length control field | 00615nam a22001697a 4500 |
| 008 - FIXED-LENGTH DATA ELEMENTS--GENERAL INFORMATION | |
| fixed length control field | 140901b xxu||||| |||| 00| 0 eng d |
| 020 ## - INTERNATIONAL STANDARD BOOK NUMBER | |
| International Standard Book Number | 0406092435 |
| 050 ## - LIBRARY OF CONGRESS CALL NUMBER | |
| Classification number | KD275.4.L39(1965) |
| 245 ## - TITLE STATEMENT | |
| Title | The Law Reports, Appeal Cases(1965): House of Lords and Judicial Committee of the Privy Council and Peerage Cases. / |
| Statement of responsibility, etc. | edited by R.P. Colinvaux and Charles Clayton |
| 260 ## - PUBLICATION, DISTRIBUTION, ETC. | |
| Place of publication, distribution, etc. | London: |
| Name of publisher, distributor, etc. | Butterworth and Co. Ltd., |
| Date of publication, distribution, etc. | 1965. |
| 300 ## - PHYSICAL DESCRIPTION | |
| Extent | xiii, 1284p.: |
| Dimensions | 24cm. |
| 440 ## - SERIES STATEMENT/ADDED ENTRY--TITLE | |
| Name of part/section of a work | Appeal Cases,1965. |
| 700 ## - ADDED ENTRY--PERSONAL NAME | |
| Personal name | Colinvaux, R.P. |
| 700 ## - ADDED ENTRY--PERSONAL NAME | |
| Personal name | Clayton, Charles |
| 800 ## - SERIES ADDED ENTRY--PERSONAL NAME | |
| Personal name | Colinvaux, R.P. Clayton, Charles |
| 942 ## - ADDED ENTRY ELEMENTS (KOHA) | |
| Source of classification or shelving scheme | Library of Congress Classification |
| Koha item type | Books |
| Withdrawn status | Lost status | Source of classification or shelving scheme | Damaged status | Not for loan | Home library | Current library | Shelving location | Date acquired | Total Checkouts | Full call number | Barcode | Date last seen | Price effective from | Koha item type |
|---|---|---|---|---|---|---|---|---|---|---|---|---|---|---|
| Library of Congress Classification | WISCONSIN INTERNATIONAL UNIVERSITY COLLEGE, GHANA - MAIN LIBRARY | WISCONSIN INTERNATIONAL UNIVERSITY COLLEGE, GHANA - MAIN LIBRARY | Law Library | 01/09/2014 | KD275.4.L39(1965) | 1520/507/14 | 01/09/2014 | 01/09/2014 | Books |
